|
|
|
|
| LEADER |
03478nam a22005295i 4500 |
| 001 |
978-88-470-5453-0 |
| 003 |
DE-He213 |
| 005 |
20151204171340.0 |
| 007 |
cr nn 008mamaa |
| 008 |
130724s2013 it | s |||| 0|ita d |
| 020 |
|
|
|a 9788847054530
|9 978-88-470-5453-0
|
| 024 |
7 |
|
|a 10.1007/978-88-470-5453-0
|2 doi
|
| 040 |
|
|
|d GrThAP
|
| 050 |
|
4 |
|a QC770-798
|
| 072 |
|
7 |
|a PHP
|2 bicssc
|
| 072 |
|
7 |
|a SCI051000
|2 bisacsh
|
| 082 |
0 |
4 |
|a 539.7
|2 23
|
| 100 |
1 |
|
|a Bendiscioli, Giorgio.
|e author.
|
| 245 |
1 |
0 |
|a Fenomeni radioattivi
|h [electronic resource] :
|b Dai nuclei alle stelle /
|c by Giorgio Bendiscioli.
|
| 250 |
|
|
|a 2a edizione.
|
| 264 |
|
1 |
|a Milano :
|b Springer Milan :
|b Imprint: Springer,
|c 2013.
|
| 300 |
|
|
|a XVI, 498 pagg.
|b online resource.
|
| 336 |
|
|
|a text
|b txt
|2 rdacontent
|
| 337 |
|
|
|a computer
|b c
|2 rdamedia
|
| 338 |
|
|
|a online resource
|b cr
|2 rdacarrier
|
| 347 |
|
|
|a text file
|b PDF
|2 rda
|
| 490 |
1 |
|
|a UNITEXT,
|x 2038-5714
|
| 505 |
0 |
|
|a Legge del decadimento radioattivo -- Radiazione ambientale naturale -- Radiodatazione -- Decadimento gamma -- Decadimento alpha -- Nuclei e decadimenti esotici -- Decadimento beta -- Misura della massa del neutrino -- Non conservazione della parità nel decadimento beta -- Teoria di Dirac -- Teoria V - A del decadimento beta -- Energia solare -- I neutrini solari -- Neutrini massivi -- Doppio decadimento beta -- Oscillazioni di neutrino -- Appendice.
|
| 520 |
|
|
|a Questo volume raccoglie le lezioni del Corso di Radioattività impartite, inizialmente dall’autore e successivamente da suoi collaboratori, agli studenti di Fisica presso l’Università di Pavia. I temi trattati costituiscono un’introduzione ai fenomeni radioattivi in senso stretto con escursioni, aventi come base di partenza e filo conduttore il decadimento beta, nel campo della fisica delle particelle elementari, in particolare dei neutrini, e dell’astrofisica. Alcuni argomenti sono tradizionali, altri riguardano la fisica di frontiera così che al lettore sono offerti particolari itinerari dalla fisica consolidata alla fisica in evoluzione. Ovviamente, per quanto riguarda quest’ultima, i risultati sperimentali riportati e i relativi commenti hanno carattere di provvisorietà. Per questa ragione, in questa edizione del testo, è stata rivolta particolare attenzione all’aggiornamento dei risultati relativi allo studio dei neutrini nell’ambito del doppio decadimento beta e delle oscillazioni di neutrino. In ogni caso, gli argomenti discussi rappresentano una scelta, per qualche verso arbitraria, del vasto materiale disponibile e vengono proposti con carattere introduttivo e non esaustivo. La comprensione dei vari temi presuppone il possesso delle nozioni normalmente impartite nei primi tre anni del Corso di Laurea in Fisica.
|
| 650 |
|
0 |
|a Physics.
|
| 650 |
|
0 |
|a Astrophysics.
|
| 650 |
|
0 |
|a Nuclear physics.
|
| 650 |
|
0 |
|a Heavy ions.
|
| 650 |
|
0 |
|a Hadrons.
|
| 650 |
|
0 |
|a Nuclear fusion.
|
| 650 |
1 |
4 |
|a Physics.
|
| 650 |
2 |
4 |
|a Particle and Nuclear Physics.
|
| 650 |
2 |
4 |
|a Astrophysics and Astroparticles.
|
| 650 |
2 |
4 |
|a Nuclear Fusion.
|
| 650 |
2 |
4 |
|a Nuclear Physics, Heavy Ions, Hadrons.
|
| 710 |
2 |
|
|a SpringerLink (Online service)
|
| 773 |
0 |
|
|t Springer eBooks
|
| 776 |
0 |
8 |
|i Printed edition:
|z 9788847054523
|
| 830 |
|
0 |
|a UNITEXT,
|x 2038-5714
|
| 856 |
4 |
0 |
|u http://dx.doi.org/10.1007/978-88-470-5453-0
|z Full Text via HEAL-Link
|
| 912 |
|
|
|a ZDB-2-PHA
|
| 950 |
|
|
|a Physics and Astronomy (Springer-11651)
|